000 01040nam a2200289 i 4500
003 OSt
005 20211003141902.0
008 210711t20182018nyu j |||| 000 1 eng d
020 _a9780823447312
_cRM46.95
_qpaperback
040 _aPPAK
_beng
_cPPAK
_erda
082 0 4 _223
_a813.6
090 0 0 _a813.6
_bHOR
_dK
100 1 _aHorvath, Polly,
_eauthor.
245 1 0 _aVERY RICH /
_cPOLLY HORVATH.
264 1 _aNew York :
_bMargaret Ferguson Books,
_c2018
264 4 _c©2018
300 _a295 pages :
_c20 cm
336 _atext
_2rdacontent
337 _aunmediated
_2rdamedia
338 _avolume
_2rdacarrier
520 _aTen-year-old Rupert, from a very large, very poor family, accidentally becomes part of an eccentric rich family's life beginning at Christmas, and soon sees that wealth is not everything.
586 _aA Junior Library Guild selection (JLG.)
650 1 0 _aFamilies
_zOhio
_vJuvenile fiction
650 2 0 _aEccentrics and eccentricities
_vJuvenile fiction
655 7 _aParanormal fiction
942 _2ddc
_cB
999 _c184308
_d184308